-Gate Scandals Pt 1 - Statistics

General Stats
  • This quiz has been taken 13 times
  • The average score is 4 of 13
Answer Stats
Hint Answer % Correct
The original -gate scandal Watergate
92%
Janet Jackson has a wardrobe malfunction Nipplegate
54%
UK Government leaders flaunt COVID restrictions Partygate
46%
The US government sells weapons to a nation under arms embargo in order to fund right wing guerrillas Contragate
31%
A British politician insults a police officer with a classist insult Gategate
31%
A White house staffer entertains a president Lewinskygate
31%
An airline executive returns an aircraft to the airport over how she was served by the crew Nutgate
23%
NYC Mayor Bill de Blasio unusually dines on something using a knife and fork Pizzagate
23%
The British PM hides to avoid a TV interview Fridgegate
15%
A private company bribes a head of state to reduce taxes, eventually leading to a overthrow of the government Bananagate
8%
Car companies cheat on a test Emissionsgate
8%
a US congressman says a mug simply scraped across a table Fartgate
8%
The Pakistani Prime Minister accuses the US of threatening the nation if he was to remain in office Lettergate
8%
No matching quizzes found
Score Distribution
Percent of People with Each Score
Percentile by Number Answered
Your Score History
You have not taken this quiz